000 00558nam a2200217Ia 4500
003 OSt
005 20220928141314.0
006 a|||||r|||| 00| 0
007 ta
008 220927b |||||||| |||| 00| 0 eng d
024 _a14380
037 _cTextual
040 _aSDCL
_cSDCL
_beng
041 _2eng
_aeng
082 _aO-,Nx, L5
100 _aWilson Edmund
_9496118
245 0 _aTwenties
_b From notebooks and diaries of the period.
260 _c1975
942 _hO-,Nx, L5
_cTEXL
_2CC
999 _c816789
_d816789